00730nam a2200241 a 4500001001300000003000900013005001700022008004100039020001000080082001500090100002300105245003600128260006200164300000800226500003500234505003000269650002500299700002300324902000800347942000700355952011100362999001500473nice12345678IN_TiNIC20260116011955.0050524s1973 hyda grp 000 0 urd  ac2.500a297.5bABD aAbdul Lateef, Syed aIslam Mein Musahere Ka Tasavvur aHyderabadbInstt. Ofindo-Middle East Cultural Studic1973 a64p aincludes index and biblioraphy2 a3 volumes bound together. aIslam-Moral Theology1 aAbdul Lateef, Syed bSRS cBK 001040708StackRoom-aHMIbHMId2007-07-03g2.50l0o297.5 ABDp07087r2007-07-03v2.50w2005-05-24yBK c5124d5124